00391nam a22001457a 450000500170000001000130001702000230003003500130005303700100006610000200007624500480009626000260014427000470017030000280021720111102142510.0 aG-001590 c130.00a8186017402 aG-001590 bGift  aSengupta, S.C.  aPortraits and memories /cby S.C. Sengupta  aKolkatabThema c2003 a46, Satish Mukherjee RoadbKolkatae700026 axv, 206p. c24cm (pbk)